Movies Quiz

Random Movies or Disney Quiz

Name that movie! Quiz Stats

 Plays Quiz not verified by Sporcle

Challenge
Share
Tweet
Embed
Score 0/36 Timer 15:00
0 Plays Today
Quote Answer % Correct
'May the force be with you'Star Wars
100%
'There's no place like home'Wizard of Oz
94%
'Life was like a box of chocolates. You never know what you're gonna get.'Forrest Gump
92%
'Fish are friends, not food.'Finding Nemo
92%
“I shall call him Squishy. And he shall be mine. And he shall be MY Squishy.” Finding Nemo
92%
'You're gonna need a bigger boat.'Jaws
86%
If you build it, he will comeField of Dreams
86%
'It's a Sicilian message. It means Luca Brasi sleeps with the fishes.'The Godfather
82%
'Frankly my dear, I don't give a damn'Gone With the Wind
82%
'A census taker once tried to test me. I ate his liver with some fava beans and a nice Chianti'The Silence of the Lambs
82%
'Say 'hello' to my little friend!'Scarface
82%
'Here's looking at you kid'Casablanca
80%
'There's no crying in baseball!'A League of Their Own
78%
'Oh yeah you can milk anything with nipples.'Meet the Parents
78%
'Wanna know how I got these scars?'The Dark Knight
76%
'Dreams feel real while we're in them. It's only when we wake up that we realize something was actually strange.'Inception
74%
'That'll do, pig, that'll do.'Babe
74%
'You talkin' to me?'Taxi Driver
72%
Quote Answer % Correct
'I feel the need--the need for speed!'Top Gun
66%
'Father to a murdered son. Husband to a murdered wife. And I will have my vengeance, in this life or the next.'Gladiator
62%
'As far back as I can remember, I always wanted to be a gangster.' GoodFellas
62%
'You're killin me Smalls!'The Sandlot
54%
'What are you doing? It's a game of touch football, every time I look over you're on your ass again.'Wedding Crashers
50%
“I can’t believe I just gave my panties to a geek.” Sixteen Candles
46%
'Heeeeyyyy you guuuuuyyyysss'The Goonies
42%
'I wipe my own ass!'Big Daddy
36%
'Ohhh, isn't this amazing / It's my favorite part because, you'll see / Here's where she meets Prince Charming / But she won't discover that it's him / Till chapter three.'Beauty and the Beast
32%
'Not you fat Jesus'The Hangover
28%
'Yes the past can hurt, but the way I see it, you either run from it, or learn from it.The Lion King
28%
'Well that's what we do, we fight... You tell me when I am being an arrogant son of a bitch and I tell you when you are a pain in the ass. Which you are, 99% of the time.'The Notebook
22%
'You know what? I respect women! I love women! I respect them so much that I completely stay away from them!'The 40 Year Old Virgin
22%
'I'd never given much thought to how I would die... But dying in the place of someone I love seems like a good way to go.'Twilight
20%
'When I told you when I had to work late? I really went to go see the new Twilight movie by myself, and it was so bad.'Crazy, Stupid, Love
14%
'I'm just one stomach flu away from my goal weight.'The Devil Wears Prada
12%
'You don't talk much, I like you!'Up
10%
'This is you. This is your badness level. It's unusually high from someone your size.'Lilo and Stitch
6%

You're not logged in!

Compare scores with friends on all Sporcle quizzes.
Join for Free
OR
Log In

You Might Also Like...

Show Comments

Extras

Top Quizzes Today


Score Distribution

Your Account Isn't Verified!

In order to create a playlist on Sporcle, you need to verify the email address you used during registration. Go to your Sporcle Settings to finish the process.

Report this User

Report this user for behavior that violates our Community Guidelines.

Details: